[Event "Kleve - Köln 2"]
[Site "?"]
[Date "2023.11.12"]
[Round "3.5"]
[White "Maric, Boris"]
[Black "Krebbers, Wilfried"]
[Result "1/2-1/2"]
[WhiteElo "2068"]
[BlackElo "2040"]
[PlyCount "105"]
[EventDate "2023.??.??"]
[SourceVersionDate "2020.03.16"]

1. d4 Nf6 2. c4 e6 3. Nc3 Bb4 4. f3 c5 5. d5 e5 6. e4 d6 7. Bd3 O-O 8. Nge2 Ne8 9. O-O Bxc3 10. Nxc3 f5 11. exf5 Bxf5 12. Ne4 Bxe4 13. Bxe4 Nd7 14. Be3 Qe7 15. Qb3 Rb8 16. Rae1 Ndf6 17. Bf5 Nxd5 18. Bxh7+ Kh8 19. Bf2 Nf4 20. Bb1 Qg5 21. Bg3 Nf6 22. Qc2 b5 23. Rd1 Rfd8 24. b3 bxc4 25. bxc4 Rb6 26. Qf5 Ne2+ 27. Kf2 Qxf5 28. Bxf5 Rb2 29. Rb1 Rxa2 30. Ra1 Rb2 31. Ke3 Rdb8 32. Ra3 Nd4 33. Bg6 R8b3+ 34. Rxb3 Rxb3+ 35. Kd2 Rb2+ 36. Kd3 Rb3+ 37. Kd2 Rb4 38. Kd3 a5 39. Ra1 a4 40. Be1 Rb3+ 41. Bc3 a3 42. Kd2 Kg8 43. Bc2 Nxc2 44. Kxc2 Rb7 45. Rxa3 Kf7 46. Ra1 g6 47. Rd1 Ke6 48. f4 Ne4 49. fxe5 Nxc3 50. Kxc3 Kxe5 51. Rd5+ Ke6 52. h4 Rb1 53. Rg5 1/2-1/2

[Event "Kleve - Köln 2"]
[Site "?"]
[Date "2023.11.12"]
[Round "3.6"]
[White "Verfuerth, Thomas"]
[Black "Strehse, Nelson"]
[Result "1/2-1/2"]
[WhiteElo "2006"]
[BlackElo "1838"]
[PlyCount "107"]
[EventDate "2023.??.??"]
[SourceVersionDate "2020.03.16"]

1. c4 Nf6 2. Nc3 c6 3. e4 d5 4. cxd5 cxd5 5. e5 d4 6. exf6 dxc3 7. fxe7 cxd2+ 8. Bxd2 Bxe7 9. Bc3 O-O 10. Nf3 Bf6 11. Qxd8 Bxc3+ 12. bxc3 Rxd8 13. Nd4 b6 14. Be2 Bb7 15. O-O Nc6 16. Nxc6 Bxc6 17. Rfd1 Kf8 18. Kf1 Ke7 19. f3 Bd5 20. Ba6 Be6 21. a4 Rxd1+ 22. Rxd1 Bb3 23. Rd4 Rd8 24. Rb4 Be6 25. Ke2 Rd5 26. Bd3 Rg5 27. g4 h5 28. h3 Rc5 29. Kd2 Kf6 30. h4 hxg4 31. fxg4 Ke5 32. Re4+ Kd6 33. g5 Ke7 34. g6 Kd6 35. gxf7 Bxf7 36. Rg4 Bb3 37. Rxg7 Rh5 38. Rg4 Ra5 39. Bc2 Bxc2 40. Kxc2 Rf5 41. Kb3 Rf1 42. Kc4 Kc6 43. h5 Rh1 44. Rg6+ Kb7 45. h6 Rh5 46. Rg7+ Kc6 47. h7 Rh4+ 48. Kd3 a6 49. Ra7 Kc5 50. Kc2 Rh2+ 51. Kb3 a5 52. Rf7 Kd5 53. c4+ Kc5 54. Rc7+ 1/2-1/2

[Event "Kleve - Köln 2"]
[Site "?"]
[Date "2023.11.12"]
[Round "3.7"]
[White "Pfaar, Zeno"]
[Black "Brandt, Thorsten"]
[Result "1-0"]
[WhiteElo "1998"]
[BlackElo "1910"]
[PlyCount "93"]
[EventDate "2023.??.??"]
[SourceVersionDate "2020.03.16"]

1. e4 e6 2. d4 d5 3. Nd2 c5 4. Ngf3 Nc6 5. exd5 exd5 6. Bb5 Qe7+ 7. Qe2 Qxe2+ 8. Kxe2 a6 9. Bxc6+ bxc6 10. Ne5 Bf5 11. Kd1 f6 12. Nef3 Kd7 13. Nb3 c4 14. Nc5+ Bxc5 15. dxc5 Bg4 16. b3 Bxf3+ 17. gxf3 Ne7 18. Rg1 Nf5 19. bxc4 Rab8 20. c3 Rhe8 21. Rg4 h5 22. Rf4 g5 23. Rxf5 Ke6 24. Rxg5 fxg5 25. Bxg5 dxc4 26. Kc2 Rg8 27. h4 Rb5 28. Re1+ Kf5 29. Be3 Rgb8 30. Bc1 Rb1 31. Re7 Ra1 32. Bg5 Rxa2+ 33. Kc1 Rb3 34. Rf7+ Ke6 35. Rf6+ Kd5 36. Rf5+ Ke6 37. Rf6+ Ke5 38. Rxc6 Kd5 39. Rc8 Rxc3+ 40. Kb1 Rxf2 41. c6 Rb3+ 42. Kc1 c3 43. c7 Rbb2 44. Rd8+ Ke5 45. c8=Q Rfc2+ 46. Kd1 Rg2 47. Qxc3+ 1-0

[Event "Kleve - Köln 2"]
[Site "?"]
[Date "2023.11.12"]
[Round "3.8"]
[White "Auwens, Michel"]
[Black "Goldenstein, Arnd"]
[Result "1-0"]
[WhiteElo "1860"]
[BlackElo "1877"]
[PlyCount "65"]
[EventDate "2023.??.??"]
[SourceVersionDate "2020.03.16"]

1. e4 e5 2. Bc4 Nf6 3. d3 Nc6 4. Nf3 Bc5 5. O-O a6 6. c3 d6 7. b4 Ba7 8. h3 h6 9. Na3 O-O 10. Nc2 d5 11. exd5 Nxd5 12. Qe1 Re8 13. Ne3 Nf4 14. Ng4 Bxg4 15. hxg4 Qd7 16. Qe4 Qxg4 17. Bxf4 exf4 18. Qd5 Re7 19. Rae1 Rd8 20. Qxd8+ Nxd8 21. Rxe7 Ne6 22. Ne5 Qh5 23. Nxf7 Kf8 24. Rxe6 Qxf7 25. Rxa6 Qd7 26. Rxa7 f3 27. Re1 g5 28. Re3 g4 29. Ra8+ Kg7 30. gxf3 gxf3 31. Rxf3 Qd6 32. Rg3+ Kf6 33. Rf8+ 1-0

[Event "Dormagen - Rheinhausen"]
[Site "?"]
[Date "2023.11.12"]
[Round "3.1"]
[White "Nabuurs, Mart"]
[Black "Hautot, Stephane"]
[Result "1/2-1/2"]
[WhiteElo "2278"]
[BlackElo "2356"]
[PlyCount "82"]
[EventDate "2023.??.??"]
[SourceVersionDate "2020.03.16"]

1. e4 d6 2. d4 Nf6 3. Nc3 Nbd7 4. Nf3 e5 5. Rg1 c6 6. g4 h6 7. Be3 Qa5 8. Nd2 d5 9. Nb3 Qc7 10. exd5 Nxd5 11. Nxd5 cxd5 12. dxe5 Qxe5 13. Qe2 Be7 14. O-O-O Nb6 15. f4 Qc7 16. Qf2 O-O 17. g5 hxg5 18. fxg5 Nc4 19. Bd4 a5 20. Bd3 Ne5 21. Qh4 Nxd3+ 22. Rxd3 Ra6 23. Rf3 Rg6 24. Kb1 Be6 25. Nc1 Rc8 26. c3 Qd7 27. Nd3 Bf5 28. Ka1 Bxd3 29. Rxd3 Rcc6 30. Rh3 f5 31. Qh8+ Kf7 32. Rh7 Bf8 33. h4 Qe7 34. Rf1 Qe2 35. Rb1 a4 36. h5 Rxg5 37. h6 Rxh6 38. Rxh6 gxh6 39. Qf6+ Ke8 40. Qb6 Qe7 41. Qb5+ Kf7 1/2-1/2

[Event "Dormagen - Rheinhausen"]
[Site "?"]
[Date "2023.11.12"]
[Round "3.2"]
[White "Balduan, Markus"]
[Black "Heinert, Eugen"]
[Result "1-0"]
[WhiteElo "2296"]
[BlackElo "2132"]
[PlyCount "53"]
[EventDate "2023.??.??"]
[SourceVersionDate "2020.03.16"]

1. Nf3 d5 2. d4 Nf6 3. c4 dxc4 4. e3 Bg4 5. Bxc4 e6 6. Qb3 Bxf3 7. gxf3 Nbd7 8. Qxb7 c5 9. Nc3 cxd4 10. exd4 Be7 11. Bf4 a6 12. Bxa6 O-O 13. Bc7 Qe8 14. Bb5 Bb4 15. Kf1 Qe7 16. Bg3 Bxc3 17. bxc3 Qa3 18. Bxd7 Ra7 19. Qb4 Qxb4 20. cxb4 Rxd7 21. Kg2 Rxd4 22. Be5 Rd5 23. Bxf6 gxf6 24. Rhd1 Rb5 25. Rd4 Rfb8 26. a3 Kg7 27. Rc1 {ZÜ} 1-0

[Event "Dormagen - Rheinhausen "]
[Site "?"]
[Date "2023.11.12"]
[Round "3.3"]
[White "Feldhaus, Sebastian"]
[Black "Coenen, Michael"]
[Result "0-1"]
[WhiteElo "2052"]
[BlackElo "2326"]
[PlyCount "66"]
[EventDate "2023.??.??"]
[SourceVersionDate "2020.03.16"]

1. Nc3 d5 2. e4 d4 3. Nce2 c5 4. Ng3 Qc7 5. c3 Nc6 6. Bc4 Nf6 7. Nf3 Bg4 8. h3 Bxf3 9. Qxf3 a6 10. Qe2 h5 11. d3 e6 12. Bb3 Bd6 13. Nf1 h4 14. Nd2 Nh5 15. Nf3 Bf4 16. cxd4 cxd4 17. Bd2 Ne5 18. Rc1 Bxd2+ 19. Qxd2 Nxd3+ 20. Qxd3 Qxc1+ 21. Bd1 Nf4 22. Qb3 Nxg2+ 23. Kf1 Nf4 24. Ne1 b5 25. Rg1 Qc4+ 26. Qxc4 bxc4 27. Rg4 e5 28. Ba4+ Ke7 29. Nf3 Ng6 30. Bc6 c3 31. bxc3 dxc3 32. Ne1 Rac8 33. Ba4 Rhd8 0-1

[Event "Dormagen - Rheinhausen"]
[Site "?"]
[Date "2023.11.12"]
[Round "3.4"]
[White "Litwak, Aleksej"]
[Black "Heinert, Alex"]
[Result "1-0"]
[WhiteElo "2281"]
[BlackElo "2095"]
[PlyCount "69"]
[EventDate "2023.??.??"]
[SourceVersionDate "2020.03.16"]

1. e4 c5 2. Nf3 e6 3. d4 cxd4 4. Nxd4 Nc6 5. Nc3 Qc7 6. Be2 Nf6 7. O-O Nxd4 8. Qxd4 Bc5 9. Qd3 a6 10. Kh1 b5 11. f4 Bb7 12. e5 Nd5 13. Nxd5 Bxd5 14. b3 h5 15. Bf3 Bxf3 16. Rxf3 Qc6 17. Bb2 g6 18. Rc1 Rc8 19. c4 b4 20. Rd1 h4 21. h3 Rh5 22. Bd4 Bxd4 23. Qxd4 Rc7 24. Qd2 a5 25. Rd3 Rf5 26. Rd6 Qb7 27. c5 Qe4 28. Rxd7 Rxd7 29. Qxd7+ Kf8 30. c6 Rxf4 31. c7 Rf3 32. c8=Q+ Kg7 33. Qd2 Rxh3+ 34. Kg1 Re3 35. Qc4 1-0

[Event "Dormagen - Rheinhausen"]
[Site "?"]
[Date "2023.11.12"]
[Round "3.5"]
[White "Sobeck, Oskar"]
[Black "Wimmer, Juergen"]
[Result "1/2-1/2"]
[WhiteElo "1814"]
[BlackElo "2218"]
[PlyCount "63"]
[EventDate "2023.??.??"]
[SourceVersionDate "2020.03.16"]

1. Nf3 c5 2. g3 Nc6 3. c4 g6 4. Nc3 Bg7 5. Bg2 d6 6. O-O e5 7. d3 Nge7 8. Rb1 O-O 9. a3 a5 10. b3 Rb8 11. Bb2 h6 12. Nd5 Be6 13. Ne1 f5 14. e3 b5 15. Bc3 Bf7 16. Nc2 b4 17. axb4 cxb4 18. Bb2 Nxd5 19. cxd5 Ne7 20. e4 Be8 21. Ne3 Bb5 22. Nc4 fxe4 23. Bxe4 Nf5 24. Qg4 Kh7 25. f4 Bxc4 26. dxc4 exf4 27. Bxg7 Kxg7 28. Rxf4 h5 29. Qh3 Qg5 30. Rbf1 Rbe8 31. Kh1 Re5 32. R1f3 1/2-1/2

[Event "Dormagen - Rheinhausen"]
[Site "?"]
[Date "2023.11.12"]
[Round "3.6"]
[White "Lafosse, Jimmy"]
[Black "Rohfleisch, Daniel"]
[Result "1/2-1/2"]
[WhiteElo "2205"]
[BlackElo "1926"]
[PlyCount "58"]
[EventDate "2023.??.??"]
[SourceVersionDate "2020.03.16"]

1. e4 e5 2. Nf3 Nf6 3. d3 Nc6 4. Be2 d5 5. Nbd2 dxe4 6. dxe4 Bc5 7. c3 a6 8. h3 O-O 9. O-O h6 10. Qc2 Qe7 11. b4 Ba7 12. Nc4 b5 13. Ne3 Nb8 14. a4 Bb7 15. Nf5 Qe6 16. Bd3 Rd8 17. Re1 Nbd7 18. c4 c5 19. Bxh6 bxc4 20. Bxc4 Bxe4 21. Nxg7 Bxc2 22. Nxe6 fxe6 23. Ng5 cxb4 24. Bxe6+ Kh8 25. Nf7+ Kh7 26. Nxd8 Rxd8 27. Be3 Bxe3 28. Rxe3 Rb8 29. Bb3 Bxb3 1/2-1/2

[Event "Dormagen - Rheinhausen "]
[Site "?"]
[Date "2023.11.12"]
[Round "3.7"]
[White "Liedmann, Dennis"]
[Black "Juegel, Marcel"]
[Result "0-1"]
[WhiteElo "1994"]
[BlackElo "2152"]
[PlyCount "54"]
[EventDate "2023.??.??"]
[SourceVersionDate "2020.03.16"]

1. d4 e6 2. Nf3 f5 3. Bf4 Nf6 4. e3 b6 5. Be2 Bb7 6. O-O Bd6 7. Bxd6 cxd6 8. a4 Nc6 9. d5 Nxd5 10. Bc4 Na5 11. Bxd5 Bxd5 12. Nc3 Bxf3 13. Qxf3 O-O 14. Rfd1 d5 15. Qg3 Rc8 16. Rd4 Nc4 17. Nd1 Qf6 18. Qf3 Ne5 19. Qe2 Nc6 20. Rd2 f4 21. c3 Na5 22. Rd4 Qe5 23. Qb5 Rc5 24. Qd3 Nb3 25. Rb1 Rc4 26. Rxc4 dxc4 27. Qe2 Qe4 0-1

[Event "Dormagen - Rheinhausen "]
[Site "?"]
[Date "2023.11.12"]
[Round "3.8"]
[White "Bouaraba, Max"]
[Black "Jentzsch, David"]
[Result "1/2-1/2"]
[WhiteElo "2155"]
[BlackElo "1912"]
[PlyCount "49"]
[EventDate "2023.??.??"]
[SourceVersionDate "2020.03.16"]

1. d4 d5 2. c4 e6 3. Nf3 Nf6 4. g3 Be7 5. Bg2 O-O 6. O-O c6 7. Qc2 Nbd7 8. Nbd2 b6 9. e4 dxc4 10. Nxc4 Bb7 11. h4 h6 12. Rd1 c5 13. d5 exd5 14. exd5 Bxd5 15. Nfe5 Bxg2 16. Nxd7 Nxd7 17. Qf5 Be4 18. Qxe4 Nf6 19. Qf3 Qc8 20. Ne5 Qe6 21. Bf4 Rfe8 22. b3 Qf5 23. Nc6 Bf8 24. Kg2 Qe4 25. Qxe4 1/2-1/2

[Event "Kamp-Lintfort - Leverkusen"]
[Site "?"]
[Date "2023.11.12"]
[Round "3.1"]
[White "Esser, Michael"]
[Black "Ratering, Jona"]
[Result "1/2-1/2"]
[WhiteElo "2030"]
[BlackElo "2158"]
[PlyCount "49"]
[EventDate "2023.??.??"]
[SourceVersionDate "2020.03.16"]

1. e4 c5 2. c3 Nf6 3. e5 Nd5 4. d4 cxd4 5. Nf3 Nc6 6. Bc4 Nb6 7. Bb3 d5 8. exd6 Qxd6 9. O-O Be6 10. Bxe6 Qxe6 11. Nxd4 Nxd4 12. Qxd4 Rd8 13. Qh4 h5 14. h3 f6 15. Nd2 g5 16. Qe4 Qxe4 17. Nxe4 g4 18. Re1 Kf7 19. b3 gxh3 20. gxh3 Rd3 21. Be3 Bh6 22. Rad1 Rg8+ 23. Kh2 Rxd1 24. Rxd1 Bxe3 25. fxe3 1/2-1/2

[Event "Kamp-Lintfort - Leverkusen"]
[Site "?"]
[Date "2023.11.12"]
[Round "3.2"]
[White "Hagen, Gunter"]
[Black "Baer, Marco"]
[Result "1/2-1/2"]
[WhiteElo "2169"]
[BlackElo "2033"]
[PlyCount "80"]
[EventDate "2023.??.??"]
[SourceVersionDate "2020.03.16"]

1. d4 d6 2. c4 e5 3. dxe5 dxe5 4. Qxd8+ Kxd8 5. Nc3 c6 6. b3 Be6 7. Bb2 f6 8. g3 Nh6 9. Bg2 Kc7 10. e3 Be7 11. Nf3 Rd8 12. Ke2 Na6 13. Rhd1 Bb4 14. Ne4 Nc5 15. Nxc5 Bxc5 16. Nd2 Nf7 17. Ne4 Be7 18. h4 Rxd1 19. Rxd1 Rd8 20. Rxd8 Kxd8 21. f4 exf4 22. exf4 Nd6 23. Bd4 Kc7 24. Nxd6 Bxd6 25. Ke3 b6 26. Be4 f5 27. Bf3 g6 28. h5 a5 29. hxg6 hxg6 30. Be2 Bf7 31. Bd3 Bb4 32. Kf3 Be1 33. g4 Be6 34. gxf5 Bxf5 35. Be4 Bd2 36. Be5+ Kd7 37. Bxf5+ gxf5 38. Kg3 b5 39. Kh4 a4 40. Kg5 Ke6 1/2-1/2

[Event "Kamp-Lintfort - Leverkusen"]
[Site "?"]
[Date "2023.11.12"]
[Round "3.4"]
[White "Bosser, Heinz-Dieter"]
[Black "Boehm, Stefan"]
[Result "1/2-1/2"]
[WhiteElo "1972"]
[BlackElo "2018"]
[PlyCount "38"]
[EventDate "2023.??.??"]
[SourceVersionDate "2020.03.16"]

1. d4 e6 2. g3 Nf6 3. Bg2 d5 4. Nf3 c5 5. c4 Nc6 6. cxd5 exd5 7. O-O Be7 8. Nc3 O-O 9. Bg5 c4 10. Ne5 Be6 11. b3 Qa5 12. Nxc6 bxc6 13. Qc2 cxb3 14. axb3 Qb6 15. Rfd1 Rab8 16. Rab1 Rfe8 17. Na4 Qb5 18. Nc5 Bxc5 19. Bxf6 Bd6 1/2-1/2

[Event "Kamp-Lintfort - Leverkusen"]
[Site "?"]
[Date "2023.11.12"]
[Round "3.5"]
[White "Lessing, Sebastian"]
[Black "Peschges, Paul"]
[Result "1/2-1/2"]
[WhiteElo "1823"]
[BlackElo "1802"]
[PlyCount "43"]
[EventDate "2023.??.??"]
[SourceVersionDate "2020.03.16"]

1. Nc3 d5 2. e4 d4 3. Nce2 e5 4. Nf3 f6 5. Ng3 Be6 6. Bb5+ c6 7. Ba4 Nd7 8. Bb3 Nc5 9. Bxe6 Nxe6 10. d3 Bb4+ 11. Nd2 Ne7 12. Qg4 Qd7 13. O-O O-O-O 14. Nc4 Ng6 15. Nh5 Kb8 16. f4 Nexf4 17. Qxd7 Rxd7 18. Nxf4 Nxf4 19. Bxf4 exf4 20. a3 Bd6 21. Nxd6 Rxd6 22. Rxf4 1/2-1/2

[Event "Kamp-Lintfort - Leverkusen"]
[Site "?"]
[Date "2023.11.12"]
[Round "3.6"]
[White "Esser, Jochen"]
[Black "Mazaheri Tehrani, Mehrdad"]
[Result "0-1"]
[WhiteElo "2014"]
[BlackElo "1879"]
[PlyCount "44"]
[EventDate "2023.??.??"]
[SourceVersionDate "2020.03.16"]

1. e4 e5 2. Nf3 Nc6 3. Bc4 Bc5 4. c3 Nf6 5. d4 exd4 6. O-O d3 7. Qxd3 d6 8. b4 Bb6 9. a4 a6 10. Ba3 Ng4 11. Bb3 Qf6 12. Nbd2 Nge5 13. Nxe5 Nxe5 14. Qg3 h5 15. c4 Bd4 16. h3 h4 17. Qh2 Bxa1 18. f4 Bd4+ 19. Kh1 Nd3 20. e5 Qg6 21. Nf3 Nf2+ 22. Rxf2 Bxf2 0-1

[Event "Kamp-Lintfort - Leverkusen"]
[Site "?"]
[Date "2023.11.12"]
[Round "3.7"]
[White "Esser, Julian"]
[Black "Schubert, Mario"]
[Result "1/2-1/2"]
[WhiteElo "1722"]
[BlackElo "1806"]
[PlyCount "54"]
[EventDate "2023.??.??"]
[SourceVersionDate "2020.03.16"]

1. e4 c5 2. Nf3 Nc6 3. d4 cxd4 4. Nxd4 Nf6 5. Nc3 e5 6. Ndb5 d6 7. Bg5 a6 8. Na3 b5 9. Nd5 Qa5+ 10. Bd2 Qd8 11. Bg5 Be7 12. Bxf6 Bxf6 13. c3 Bg5 14. Nc2 Rb8 15. Be2 O-O 16. Nce3 Be6 17. O-O Qd7 18. Qd3 g6 19. f4 exf4 20. Nxf4 Ne5 21. Qd4 Qc6 22. Ned5 Bc8 23. Rad1 Rd8 24. Nd3 Nxd3 25. Rxd3 Qc5 26. Nf6+ Bxf6 27. Rxf6 Be6 1/2-1/2

[Event "Düsseldorf-Süd - Porz 3"]
[Site "?"]
[Date "2023.11.12"]
[Round "3.1"]
[White "Finke, Kai"]
[Black "Gula, Julian"]
[Result "1/2-1/2"]
[WhiteElo "2107"]
[BlackElo "2146"]
[PlyCount "150"]
[EventDate "2023.??.??"]
[SourceVersionDate "2020.03.16"]

1. d4 Nf6 2. c4 e6 3. Nf3 d5 4. cxd5 exd5 5. Qc2 c6 6. Bg5 Qa5+ 7. Bd2 Qd8 8. Nc3 Bd6 9. Bg5 Nbd7 10. e3 Nf8 11. Bd3 a5 12. Ne5 Ne6 13. Bh4 g5 14. Bg3 Qe7 15. O-O-O Nc5 16. Bf5 Bxf5 17. Qxf5 Nce4 18. Nxe4 Nxe4 19. f3 Nxg3 20. hxg3 Bxe5 21. dxe5 h5 22. e4 d4 23. Kb1 c5 24. f4 a4 25. fxg5 a3 26. b3 Rd8 27. Rdf1 c4 28. g6 cxb3 29. axb3 Rf8 30. g7 Rg8 31. Rxh5 a2+ 32. Ka1 Qc7 33. Qf2 Qc3+ 34. Qb2 Qxb2+ 35. Kxb2 Rxg7 36. Kxa2 Rxg3 37. Rh8+ Ke7 38. Rxf7+ Kxf7 39. Rxd8 Rxg2+ 40. Ka3 Rd2 41. Rd6 d3 42. b4 Rd1 43. Kb3 d2 44. Kc3 Re1 45. Rxd2 Rxe4 46. Rd7+ Ke6 47. Rxb7 Rxe5 48. Rc7 Kd6 49. Rc8 Kd7 50. Rc4 Re3+ 51. Kd4 Rb3 52. Kd5 Rd3+ 53. Kc5 Kc7 54. Rh4 Rc3+ 55. Kb5 Rg3 56. Rh7+ Kc8 57. Kb6 Rg6+ 58. Ka7 Rg5 59. Rh1 Rg7+ 60. Ka6 Rg6+ 61. Ka5 Kb7 62. Rh7+ Kb8 63. b5 Rf6 64. Rg7 Rh6 65. Rf7 Rg6 66. Rh7 Rf6 67. Rh5 Kb7 68. b6 Rf1 69. Rh7+ Kb8 70. b7 Ra1+ 71. Kb6 Rb1+ 72. Ka6 Ra1+ 73. Kb6 Rb1+ 74. Kc6 Rc1+ 75. Kb6 Rb1+ 1/2-1/2

[Event "Düsseldorf-Süd - Porz 3"]
[Site "?"]
[Date "2023.11.12"]
[Round "3.2"]
[White "Tagsold, Christian"]
[Black "Kremser, Michael"]
[Result "0-1"]
[WhiteElo "2167"]
[BlackElo "1988"]
[PlyCount "108"]
[EventDate "2023.??.??"]
[SourceVersionDate "2020.03.16"]

1. c4 Nf6 2. g3 e6 3. Bg2 d5 4. Nf3 Be7 5. O-O O-O 6. b3 b6 7. d4 Bb7 8. Nc3 dxc4 9. bxc4 c5 10. d5 exd5 11. Nh4 Qd7 12. cxd5 Ng4 13. Nf3 Bf6 14. Qc2 Na6 15. Rd1 Rfe8 16. Bb2 Nb4 17. Qb3 a5 18. a3 a4 19. Qc4 Nc2 20. Rac1 Nd4 21. Nxd4 Bxd4 22. e3 Qf5 23. Qf1 Ba6 24. Qe1 Nxe3 25. Rxd4 cxd4 26. fxe3 Rxe3 27. Qd2 dxc3 28. Bxc3 Rd3 29. Qe1 Qg5 30. Bb4 Bb7 31. d6 Bxg2 32. Kxg2 h5 33. Qe4 Qd5 34. Qxd5 Rxd5 35. Rc7 Rd8 36. Rc6 b5 37. Kf3 f5 38. Kf4 Kf7 39. Kg5 Ke6 40. Rb6 Rh8 41. Rb7 Rd4 42. Re7+ Kd5 43. Kxf5 Rxb4 44. axb4 Kxd6 45. Re1 Kd5 46. Rc1 a3 47. Rc5+ Kd4 48. Rxb5 Ra8 49. Rb7 a2 50. Rd7+ Ke3 51. Rd1 a1=Q 52. Rxa1 Rxa1 53. Kg6 Rh1 54. h4 Kf3 0-1

[Event "Düsseldorf-Süd - Porz 3"]
[Site "?"]
[Date "2023.11.12"]
[Round "3.3"]
[White "Wittig, Till"]
[Black "Kontorovitch, Vladimir"]
[Result "0-1"]
[WhiteElo "1958"]
[BlackElo "2075"]
[PlyCount "68"]
[EventDate "2023.??.??"]
[SourceVersionDate "2020.03.16"]

1. e4 e5 2. Nf3 Nc6 3. Bc4 Bc5 4. c3 Nf6 5. d3 a6 6. O-O d6 7. a4 Ba7 8. h3 h6 9. Nbd2 O-O 10. Re1 Re8 11. Nf1 Be6 12. Bxe6 Rxe6 13. Ng3 d5 14. Qb3 Bb6 15. Nf5 dxe4 16. dxe4 Qd3 17. Be3 Na5 18. Qb4 c5 19. Bxc5 Bxc5 20. Qxc5 Nb3 21. Qc7 Nxa1 22. Rxa1 Rae8 23. Qxb7 Qxe4 24. Qxe4 Nxe4 25. Kf1 Rb8 26. Re1 Nc5 27. Nxe5 f6 28. Nc6 Rxe1+ 29. Kxe1 Rxb2 30. Nb4 a5 31. Nc6 Nxa4 32. Nxa5 Nxc3 33. Nc4 Ra2 34. Ng3 g6 0-1

[Event "Düsseldorf-Süd - Porz 3"]
[Site "?"]
[Date "2023.11.12"]
[Round "3.4"]
[White "Hoffmann, Andre"]
[Black "Spindler, Florian"]
[Result "1-0"]
[WhiteElo "2020"]
[BlackElo "1963"]
[PlyCount "55"]
[EventDate "2023.??.??"]
[SourceVersionDate "2020.03.16"]

1. e4 c5 2. b4 cxb4 3. Nf3 d5 4. exd5 Nf6 5. a3 Nxd5 6. axb4 Nxb4 7. d4 Bf5 8. Na3 e6 9. c3 Nd5 10. Qb3 Qc8 11. Bb5+ Ke7 12. c4 Nc7 13. O-O f6 14. d5 Kf7 15. Nd4 exd5 16. Nxf5 Qxf5 17. cxd5 Nxb5 18. Nxb5 Nd7 19. d6+ Kg6 20. Re1 Nc5 21. Qg3+ Kf7 22. Ba3 Rd8 23. Bxc5 Qxc5 24. Qb3+ Kg6 25. Rac1 Qf5 26. Rc7 Rd7 27. Nd4 Qa5 28. Qb1+ 1-0

[Event "Düsseldorf-Süd - Porz 3"]
[Site "?"]
[Date "2023.11.12"]
[Round "3.5"]
[White "Paulus, Jeffrey"]
[Black "Reinartz, Achim"]
[Result "1-0"]
[WhiteElo "1976"]
[BlackElo "1953"]
[PlyCount "87"]
[EventDate "2023.??.??"]
[SourceVersionDate "2020.03.16"]

1. d4 d5 2. c4 dxc4 3. Nc3 e5 4. dxe5 Qxd1+ 5. Kxd1 Be6 6. e4 Nc6 7. f4 O-O-O+ 8. Kc2 f6 9. Nf3 Nge7 10. exf6 gxf6 11. a3 Nf5 12. Nd5 Nfd4+ 13. Nxd4 Nxd4+ 14. Kc3 Nb5+ 15. Kc2 c6 16. Nxf6 Nd4+ 17. Kc3 Bg7 18. Nh5 Nb5+ 19. Kc2 Bd4 20. f5 Bf7 21. Ng3 Be5 22. Be3 Bd4 23. Re1 Bxe3 24. Rxe3 Nd4+ 25. Kc3 Nb5+ 26. Kc2 Nd4+ 27. Kb1 Nb3 28. Be2 Nd2+ 29. Kc2 Rd4 30. Rd1 Rhd8 31. e5 Nb3 32. Rxd4 Nxd4+ 33. Kc3 Nb5+ 34. Kc2 Nd4+ 35. Kb1 Bd5 36. e6 Re8 37. Bg4 Kd8 38. Nh5 Nxe6 39. fxe6 Ke7 40. Ng7 Rg8 41. Nf5+ Kf6 42. e7 Re8 43. Bh5 Bf7 44. Bxf7 1-0

[Event "Düsseldorf-Süd - Porz 3"]
[Site "?"]
[Date "2023.11.12"]
[Round "3.6"]
[White "Jaeckel, Norbert"]
[Black "Sistig, Max"]
[Result "1-0"]
[WhiteElo "1830"]
[BlackElo "1923"]
[PlyCount "69"]
[EventDate "2023.??.??"]
[SourceVersionDate "2020.03.16"]

1. Nf3 Nf6 2. g3 g6 3. b3 Bg7 4. Bb2 c5 5. Bg2 O-O 6. O-O Nc6 7. c4 d6 8. d3 e5 9. Nbd2 Nh5 10. e4 Bh6 11. a3 Qe8 12. Bc3 f5 13. exf5 gxf5 14. b4 cxb4 15. axb4 Nf6 16. b5 Nd8 17. Bb4 Nf7 18. Re1 Be6 19. Nb3 a6 20. Nxe5 dxe5 21. Bxb7 Rb8 22. bxa6 Ng5 23. Bxf8 Bxf8 24. Bg2 e4 25. h4 Nf7 26. dxe4 fxe4 27. a7 Ra8 28. Qd4 Bg7 29. Ra6 Qc8 30. Ra5 Nd8 31. Bxe4 Nxe4 32. Qxe4 Nc6 33. Rc5 Bd7 34. Na5 Rxa7 35. Nxc6 1-0

[Event "Ratingen - Lasker Köln 2"]
[Site "?"]
[Date "2023.11.12"]
[Round "3.1"]
[White "di Franco, Patricio"]
[Black "Skoerys, Fabian"]
[Result "1-0"]
[WhiteElo "2028"]
[BlackElo "1964"]
[PlyCount "161"]
[EventDate "2023.??.??"]
[SourceVersionDate "2020.03.16"]

1. d4 Nf6 2. Nf3 c5 3. d5 d6 4. Nc3 g6 5. e4 Bg7 6. Bc4 O-O 7. O-O Bg4 8. h3 Bxf3 9. Qxf3 Nbd7 10. Qd1 a6 11. a4 Qa5 12. Bd2 Ne5 13. Qe2 Qb4 14. b3 Qb6 15. f4 Ned7 16. Rae1 Ne8 17. Nd1 Nc7 18. Ne3 Rae8 19. Kh1 Qa7 20. a5 e6 21. dxe6 Nxe6 22. Qd3 Nf6 23. Bd5 Nh5 24. Nc4 Qb8 25. c3 Nf6 26. f5 Nd8 27. Bf4 gxf5 28. Bxd6 fxe4 29. Bxe4 Qc8 30. Bxf8 Rxf8 31. Qg3 Nxe4 32. Rxe4 Kh8 33. Rfe1 Ne6 34. Qe3 Qc7 35. Ne5 Bxe5 36. Rxe5 Rg8 37. Rxe6 fxe6 38. Qxe6 Qg7 39. Qe5 h6 40. Kg1 Kh7 41. Qxg7+ Rxg7 42. Re5 Rc7 43. Re6 Rd7 44. Kh2 Kg7 45. h4 c4 46. bxc4 Rc7 47. g3 Rc5 48. Re7+ Kg6 49. Rxb7 Rxa5 50. Kh3 Ra3 51. Rb6+ Kg7 52. Rb7+ Kg6 53. Rb6+ Kg7 54. c5 a5 55. c4 Ra4 56. Rb5 Kg6 57. h5+ Kf7 58. Rb7+ Kf8 59. c6 Rxc4 60. c7 Ke8 61. Ra7 Rc5 62. Rxa5 Rxc7 63. Ra6 Kf7 64. Rxh6 Kg7 65. Ra6 Rc4 66. g4 Kh7 67. Kh4 Kg7 68. h6+ Kh7 69. Kh5 Rc1 70. Ra7+ Kg8 71. g5 Rc5 72. Rg7+ Kh8 73. Re7 Kg8 74. Kg6 Rc6+ 75. Kf5 Rc5+ 76. Re5 Rc7 77. g6 Kf8 78. Ra5 Rc1 79. Ra8+ Ke7 80. g7 Rf1+ 81. Kg6 1-0

[Event "Ratingen - Lasker Köln 2"]
[Site "?"]
[Date "2023.11.12"]
[Round "3.2"]
[White "Probst, Andreas"]
[Black "Fohler, Claus"]
[Result "1/2-1/2"]
[WhiteElo "2048"]
[BlackElo "2254"]
[PlyCount "100"]
[EventDate "2023.??.??"]
[SourceVersionDate "2020.03.16"]

1. d4 Nf6 2. Nf3 e6 3. g3 b6 4. Bg2 Bb7 5. O-O c5 6. c4 cxd4 7. Qxd4 Bc5 8. Qd1 d5 9. cxd5 Qxd5 10. Qxd5 Bxd5 11. Nc3 Bc6 12. a3 a5 13. Ne5 Bxg2 14. Kxg2 Nfd7 15. Nd3 Nc6 16. Nb5 Ke7 17. Nxc5 bxc5 18. Be3 Rab8 19. a4 Nb4 20. Rac1 Rhc8 21. Rfd1 Rc6 22. b3 Nd5 23. Bd2 Nc7 24. Bf4 e5 25. Rxd7+ Kxd7 26. Bxe5 Rxb5 27. axb5 Nxb5 28. Bxg7 Nd6 29. Ra1 Nb7 30. Bc3 Rb6 31. Ra3 Kc6 32. Kf3 Kb5 33. e3 Rc6 34. h4 c4 35. bxc4+ Rxc4 36. Rb3+ Kc6 37. Rxb7 Kxb7 38. Bxa5 Kc6 39. Bd8 Kd5 40. Bf6 h5 41. Bd4 Rc2 42. Bf6 Ke6 43. Bd4 Rd2 44. Bg7 f5 45. Bh6 Ra2 46. Bf4 Rb2 47. Bc7 Rc2 48. Bb8 Rb2 49. Ba7 Ra2 50. Bd4 Rd2 1/2-1/2

[Event "Ratingen - Lasker Köln 2"]
[Site "?"]
[Date "2023.11.12"]
[Round "3.3"]
[White "Rosenkraenzer, Torsten"]
[Black "Kaspar, Uwe"]
[Result "1-0"]
[WhiteElo "2024"]
[BlackElo "1934"]
[PlyCount "71"]
[EventDate "2023.??.??"]
[SourceVersionDate "2020.03.16"]

1. d4 c5 2. d5 d6 3. c4 g6 4. e4 Bg7 5. Nc3 Na6 6. f3 Nc7 7. Bd3 a6 8. a4 Rb8 9. Nge2 e6 10. O-O exd5 11. exd5 Ne7 12. Ng3 O-O 13. Bg5 b5 14. axb5 axb5 15. cxb5 f6 16. Bf4 Kh8 17. Bc4 f5 18. Qd3 h6 19. Bd2 Bb7 20. Nge2 g5 21. f4 g4 22. Kh1 h5 23. Ng3 h4 24. Nh5 Bd4 25. Ne2 Qe8 26. Nxd4 Qxh5 27. Nc6 Bxc6 28. Bc3+ Kh7 29. bxc6 Ra8 30. b4 cxb4 31. Bxb4 Qg6 32. Qd4 g3 33. h3 Rfb8 34. Bc3 Rxa1 35. Rxa1 Nb5 36. Bxb5 1-0